Adsorption of laurate soap on natural rubber latex particles and its effect on latex properties (Record no. 53846)

MARC details
000 -LEADER
fixed length control field 00467nam a2200145Ia 4500
100 ## - MAIN ENTRY--AUTHOR NAME
Personal name Fah L P
245 #0 - TITLE STATEMENT
Title Adsorption of laurate soap on natural rubber latex particles and its effect on latex properties
260 ## - PUBLICATION, DISTRIBUTION, ETC. (IMPRINT)
Name of publisher Proceedings of the International Rubber Conference, Malaysia 1988; p110-124
650 ## - SUBJECT ADDED ENTRY--TOPICAL TERM
Topical Term Latex properties
650 ## - SUBJECT ADDED ENTRY--TOPICAL TERM
Topical Term Laurate soap
650 ## - SUBJECT ADDED ENTRY--TOPICAL TERM
Topical Term NR latex
700 ## - ADDED ENTRY--PERSONAL NAME
Personal name Fong C S
942 ## - ADDED ENTRY ELEMENTS (KOHA)
Koha item type Journals
Holdings
Withdrawn status Lost status Damaged status Not for loan Home library Current library Shelving location Date acquired Koha item type
      Journals RRII Library RRII Library Rubber chemistry 17/12/2021 Journals